000 00455 a2200169 4500
999 _c1104
_d1104
020 _a0003266877
050 _aGE307 FLI 1998
100 _aFlint, Corrin
245 _aUrbanisation:
_bChanging environment
_cCorrin Flint
264 _aLondon
_bCollins
_c1998
300 _a192p.,
_bcol. ill.
500 _aUrbanisation
650 _aUrban growth
650 _aSocial patterns of Cities
700 _aFlint, David
942 _2olc
_cBK
_h307
_iFLI
_kGE